[Event "XVII C.to Europeo a squadre"]
[Site "Novi Sad SRB"]
[Date "2009.10.22"]
[Round "1.2"]
[White "Godena, Michele"]
[Black "Delchev, Aleksander"]
[Result "1/2-1/2"]
[WhiteElo "2530"]
[BlackElo "2635"]
[Annotator "ITA-BUL"]
[PlyCount "39"]
[EventDate "2009.10.22"]

1. e4 e5 2. Nf3 Nc6 3. Bc4 Bc5 4. c3 Nf6 5. d3 O-O 6. Bb3 d5 7. Nbd2 Be6 8. O-O
a6 9. h3 dxe4 10. Nxe4 Nxe4 11. dxe4 Qxd1 12. Rxd1 Bxb3 13. axb3 Rad8 14. Rd5
Bb6 15. Kf1 f6 16. Rxd8 Rxd8 17. Ke2 a5 18. Nd2 Bc5 19. Nc4 b6 20. Be3 1/2-1/2

[Event "XVII C.to Europeo a squadre"]
[Site "Novi Sad SRB"]
[Date "2009.10.22"]
[Round "1.3"]
[White "Iotov, Valentin"]
[Black "Rombaldoni, Denis"]
[Result "1-0"]
[WhiteElo "2578"]
[BlackElo "2469"]
[Annotator "ITA-BUL"]
[PlyCount "117"]
[EventDate "2009.10.22"]

1. d4 Nf6 2. c4 e6 3. Nf3 b6 4. g3 Bb4+ 5. Bd2 a5 6. Bg2 O-O 7. O-O Ba6 8. Qc2
d5 9. cxd5 exd5 10. Bf4 Bd6 11. Ne5 Bb7 12. Nc3 c6 13. Rad1 Na6 14. a3 Nh5 15.
Bc1 Qe7 16. e4 Bxe5 17. dxe5 d4 18. Rxd4 Qxe5 19. Qd1 Nf6 20. Bf4 Qe6 21. e5
Nd5 22. Nxd5 cxd5 23. Bxd5 Bxd5 24. Rxd5 Rab8 25. Rd6 Qf5 26. Qb1 Qh5 27. Qd1
Qf5 28. Qd3 Qxd3 29. Rxd3 Nc5 30. Rd6 Rfe8 31. b4 Ne4 32. Rd4 Nc3 33. Re1 Rbc8
34. bxa5 bxa5 35. Kg2 Nb5 36. Ra4 Rc3 37. Re3 Ra8 38. Rxc3 Nxc3 39. Rc4 Nd5 40.
Bd2 a4 41. Rc5 Ne7 42. Kf3 h5 43. Ke4 g6 44. Ra5 Rxa5 45. Bxa5 Nf5 46. Bb4 Ng7
47. Kd5 g5 48. Kc4 Ne6 49. Kb5 Kg7 50. Kxa4 Kg6 51. Kb5 Kf5 52. Bd6 Ke4 53. a4
Kd5 54. a5 f6 55. Bb8 Nd4+ 56. Kb6 Nc6 57. e6 Ne7 58. a6 Kxe6 59. Kb7 1-0

[Event "XVII C.to Europeo a squadre"]
[Site "Novi Sad SRB"]
[Date "2009.10.22"]
[Round "1.4"]
[White "Shytaj, Luca"]
[Black "Bojkov, Dejan"]
[Result "1-0"]
[WhiteElo "2481"]
[BlackElo "2528"]
[Annotator "ITA-BUL"]
[PlyCount "75"]
[EventDate "2009.10.22"]

1. e4 e5 2. Nf3 Nc6 3. Nc3 Nf6 4. d4 exd4 5. Nxd4 Bb4 6. Nxc6 bxc6 7. Bd3 d5 8.
exd5 cxd5 9. O-O O-O 10. Bg5 c6 11. Na4 Be6 12. c3 Be7 13. Re1 Re8 14. Bc2 Qd6
15. Qd3 g6 16. Qd4 Nh5 17. Bxe7 Rxe7 18. Nc5 Rae8 19. Re3 Bc8 20. Rae1 Nf6 21.
h3 Rxe3 22. Rxe3 Rxe3 23. Qxe3 Nd7 24. Nxd7 Qxd7 25. f4 Qc7 26. b4 Be6 27. a4
Qd7 28. a5 Qc7 29. Bd3 c5 30. Qxc5 Qxf4 31. Qxa7 Qg3 32. Qd4 Bxh3 33. Bf1 Bxg2
34. Bxg2 h5 35. a6 h4 36. a7 Qe1+ 37. Bf1 Qg3+ 38. Kh1 1-0

[Event "XVII C.to Europeo a squadre"]
[Site "Novi Sad SRB"]
[Date "2009.10.23"]
[Round "2.1"]
[White "Smeets, Jan"]
[Black "Caruana, Fabiano"]
[Result "0-1"]
[WhiteElo "2642"]
[BlackElo "2662"]
[Annotator "ITA-NED"]
[PlyCount "82"]
[EventDate "2009.10.22"]

1. e4 e6 2. d4 d5 3. Nc3 Nf6 4. Bg5 dxe4 5. Nxe4 Nbd7 6. Nf3 h6 7. Nxf6+ Nxf6
8. Be3 Nd5 9. Bd3 Nxe3 10. fxe3 Bd6 11. e4 c5 12. e5 Be7 13. Qe2 Bd7 14. O-O-O
Qc7 15. Bb5 O-O-O 16. Bxd7+ Rxd7 17. dxc5 Rxd1+ 18. Rxd1 Qxc5 19. Rd3 Kb8 20.
Qe4 Rd8 21. Rxd8+ Bxd8 22. Qh7 Qf8 23. Qe4 Bc7 24. c3 a6 25. Qd4 f6 26. exf6
gxf6 27. Qd7 e5 28. Qe6 h5 29. Kc2 Qg7 30. g3 Qg6+ 31. Kb3 Qd3 32. Qxf6 Qd1+
33. Kc4 Qa4+ 34. b4 Qxa2+ 35. Kd3 Qb1+ 36. Kd2 e4 37. Ng5 Qd3+ 38. Ke1 Qe3+ 39.
Kf1 Qc1+ 40. Ke2 Qc2+ 41. Kf1 e3 0-1

[Event "XVII C.to Europeo a squadre"]
[Site "Novi Sad SRB"]
[Date "2009.10.23"]
[Round "2.2"]
[White "Godena, Michele"]
[Black "Stellwagen, Daniel"]
[Result "1/2-1/2"]
[WhiteElo "2530"]
[BlackElo "2630"]
[Annotator "ITA-NED"]
[PlyCount "48"]
[EventDate "2009.10.22"]

1. e4 e6 2. d4 d5 3. Nd2 c5 4. exd5 Qxd5 5. dxc5 Bxc5 6. Ngf3 Nf6 7. Bc4 Qc6 8.
Qe2 O-O 9. O-O Nbd7 10. Nb3 b6 11. Nxc5 Qxc5 12. Be3 Qc7 13. Bd4 Bb7 14. Ne5
Rac8 15. b3 Nxe5 16. Qxe5 Qxe5 17. Bxe5 Bd5 18. Bxd5 exd5 19. Rac1 Rfe8 20.
Bxf6 gxf6 21. f3 Rc3 22. Rfd1 Re2 23. Rxd5 Rcxc2 24. Rxc2 Rxc2 1/2-1/2

[Event "XVII C.to Europeo a squadre"]
[Site "Novi Sad SRB"]
[Date "2009.10.23"]
[Round "2.3"]
[White "L'Ami, Erwin"]
[Black "D'Amore, Carlo"]
[Result "1-0"]
[WhiteElo "2606"]
[BlackElo "2489"]
[Annotator "ITA-NED"]
[PlyCount "69"]
[EventDate "2009.10.22"]

1. d4 d5 2. c4 c6 3. Nf3 Nf6 4. Nc3 dxc4 5. a4 Bf5 6. Ne5 Nbd7 7. Nxc4 Qc7 8.
g3 e5 9. dxe5 Nxe5 10. Bf4 Nfd7 11. Bg2 g5 12. Bxe5 Nxe5 13. Qd4 f6 14. Ne3 Bg6
15. a5 a6 16. O-O Qd6 17. Qa4 Qb4 18. Qa2 Bf7 19. Qb1 Bg6 20. Qc1 Rd8 21. f4
gxf4 22. gxf4 Nd7 23. Ra4 Qb3 24. f5 Bf7 25. Re4+ Be7 26. Nc2 Rg8 27. Na1 Qb4
28. Rxb4 Bxb4 29. Ne4 Bd5 30. Ng3 Bf7 31. Nc2 Bxa5 32. Qe3+ Ne5 33. Ne4 Nc4 34.
Nxf6+ Kf8 35. Qh6+ 1-0

[Event "XVII C.to Europeo a squadre"]
[Site "Novi Sad SRB"]
[Date "2009.10.23"]
[Round "2.4"]
[White "Shytaj, Luca"]
[Black "Ernst, Sipke"]
[Result "1/2-1/2"]
[WhiteElo "2481"]
[BlackElo "2589"]
[Annotator "ITA-NED"]
[PlyCount "35"]
[EventDate "2009.10.22"]

1. e4 e5 2. Nf3 Nc6 3. Nc3 Nf6 4. d4 exd4 5. Nxd4 Bb4 6. Nxc6 bxc6 7. Bd3 d5 8.
exd5 Qe7+ 9. Qe2 Qxe2+ 10. Kxe2 Nxd5 11. Nxd5 cxd5 12. Bb5+ Bd7 13. Bxd7+ Kxd7
14. Rd1 Ke6 15. c4 dxc4 16. Rd4 Bd6 17. Rxc4 Rhb8 18. b3 1/2-1/2

[Event "XVII C.to Europeo a squadre"]
[Site "Novi Sad SRB"]
[Date "2009.10.24"]
[Round "3.3"]
[White "Rombaldoni, Denis"]
[Black "Alekseev, Evgeny"]
[Result "0-1"]
[WhiteElo "2469"]
[BlackElo "2725"]
[Annotator "ITA-RUS"]
[PlyCount "110"]
[EventDate "2009.10.22"]

1. d4 Nf6 2. c4 e6 3. Nc3 Bb4 4. g3 O-O 5. Bg2 d5 6. cxd5 exd5 7. Nf3 c6 8. O-O
Bd6 9. Bg5 Nbd7 10. Qc2 h6 11. Bf4 Bxf4 12. gxf4 Nb6 13. Ne5 Ne8 14. f3 Qh4 15.
e3 Nd6 16. Qf2 Nf5 17. Qxh4 Nxh4 18. b3 Re8 19. Rae1 Bf5 20. e4 Bh7 21. Bh1
Rad8 22. Rd1 f6 23. Ng4 f5 24. exf5 Nxf5 25. Kf2 Nd7 26. Bg2 Nf8 27. Ne5 Ne6
28. Ne2 Nd6 29. Bh3 Bf5 30. Bg4 Rf8 31. Ke3 Kh7 32. Rg1 g6 33. Bxf5 Nxf5+ 34.
Kf2 Ne7 35. Nd3 Rf6 36. Rge1 h5 37. Nc5 Nxc5 38. dxc5 Rd7 39. Rd4 Nf5 40. Ra4
a6 41. Nc1 Rff7 42. Nd3 Rde7 43. Re5 Kg7 44. Rb4 Kf6 45. Rb6 Rxe5 46. Nxe5 Rc7
47. a4 Nd4 48. Nd3 Kf5 49. a5 Nb5 50. h4 d4 51. Kg3 Ke6 52. Nb4 Rd7 53. Nd3 Rc7
54. Nb4 Nc3 55. Nd3 Nd5 0-1

[Event "XVII C.to Europeo a squadre"]
[Site "Novi Sad SRB"]
[Date "2009.10.24"]
[Round "3.4"]
[White "Tomashevsky, Evgeny"]
[Black "Shytaj, Luca"]
[Result "1/2-1/2"]
[WhiteElo "2688"]
[BlackElo "2481"]
[Annotator "ITA-RUS"]
[PlyCount "83"]
[EventDate "2009.10.22"]

1. Nf3 c5 2. c4 Nc6 3. d4 cxd4 4. Nxd4 Nf6 5. g3 e6 6. Bg2 Bc5 7. Nb3 Be7 8.
Nc3 b6 9. O-O O-O 10. Bf4 Ba6 11. Nb5 d5 12. Nc7 Bxc4 13. Nd2 Rc8 14. Nxc4 Nh5
15. Nxd5 exd5 16. Bxd5 Nxf4 17. gxf4 Nb4 18. Ne3 Bd6 19. Ng2 Qf6 20. e3 Rcd8
21. Be4 Bxf4 22. Qh5 g6 23. Qb5 Qe7 24. Bf3 Be5 25. Qe2 Nd3 26. Rab1 Bb8 27.
Bg4 f5 28. Bh3 f4 29. Qg4 f3 30. Qe6+ Qxe6 31. Bxe6+ Kg7 32. Ne1 Rf6 33. Bh3
Ne5 34. Nc2 g5 35. Rfd1 Rdf8 36. Rd5 Rh6 37. Bf1 Ng4 38. h3 Bh2+ 39. Kh1 Be5
40. Kg1 Bh2+ 41. Kh1 Be5 42. Kg1 1/2-1/2

[Event "XVII C.to Europeo a squadre"]
[Site "Novi Sad SRB"]
[Date "2009.10.25"]
[Round "4.1"]
[White "Ragger, Markus"]
[Black "Godena, Michele"]
[Result "1/2-1/2"]
[WhiteElo "2561"]
[BlackElo "2530"]
[Annotator "ITA-AUT"]
[PlyCount "45"]
[EventDate "2009.10.22"]

1. Nf3 d5 2. d4 Nf6 3. c4 dxc4 4. e3 a6 5. Bxc4 e6 6. O-O Nbd7 7. a4 b6 8. Nc3
Bb7 9. Re1 Ne4 10. Bd3 Ndf6 11. Qc2 Nxc3 12. bxc3 Bxf3 13. gxf3 g6 14. Qe2 Qc8
15. e4 Bg7 16. Ba3 Bf8 17. Bb2 Bh6 18. Ba3 Bf8 19. e5 Nd5 20. Be4 Bxa3 21. Rxa3
Qd8 22. Kh1 c6 23. c4 1/2-1/2

[Event "XVII C.to Europeo a squadre"]
[Site "Novi Sad SRB"]
[Date "2009.10.25"]
[Round "4.2"]
[White "Rombaldoni, Denis"]
[Black "Shengelia, David"]
[Result "0-1"]
[WhiteElo "2469"]
[BlackElo "2560"]
[Annotator "ITA-AUT"]
[PlyCount "108"]
[EventDate "2009.10.22"]

1. d4 Nf6 2. c4 e6 3. Nf3 d5 4. Nc3 Bb4 5. cxd5 exd5 6. Bg5 h6 7. Bh4 g5 8. Bg3
Ne4 9. Nd2 Nxg3 10. hxg3 c6 11. e3 Be6 12. Bd3 Nd7 13. Qc2 Qe7 14. a3 Bd6 15.
Na4 h5 16. Nf3 O-O-O 17. b4 Kb8 18. b5 cxb5 19. Bxb5 h4 20. gxh4 gxh4 21. Qb3
Rc8 22. Rb1 Rc7 23. Ba6 Nf6 24. Rxh4 Rxh4 25. Nxh4 Bxa3 26. Nf3 Bf5 27. Bd3
Bxd3 28. Qxd3 Bb4+ 29. Kf1 a5 30. Ra1 Qe4 31. Qxe4 Nxe4 32. Nb2 Bc3 33. Ra2
Bxb2 34. Rxb2 a4 35. Ne1 Rc1 36. f3 Nd6 37. Ke2 Nc4 38. Rc2 Rb1 39. Nd3 a3 40.
Nc1 b5 41. e4 b4 42. exd5 Nb6 43. d6 b3 44. Rc6 b2 45. Rxb6+ Ka7 46. d7 bxc1=Q
47. Rxb1 Qc4+ 48. Kd2 Qxd4+ 49. Kc2 Qxd7 50. Kb3 Qd3+ 51. Ka2 Qc2+ 52. Ka1 Ka6
53. Rb8 Qxg2 54. Rb3 Ka5 0-1

[Event "XVII C.to Europeo a squadre"]
[Site "Novi Sad SRB"]
[Date "2009.10.25"]
[Round "4.3"]
[White "Kindermann, Stefan E.S."]
[Black "D'Amore, Carlo"]
[Result "1/2-1/2"]
[WhiteElo "2529"]
[BlackElo "2489"]
[Annotator "ITA-AUT"]
[PlyCount "28"]
[EventDate "2009.10.22"]

1. e4 e5 2. Nf3 Nc6 3. Bc4 Bc5 4. d3 Nf6 5. O-O O-O 6. Bb3 Nd4 7. Nxd4 Bxd4 8.
c3 Bb6 9. Nd2 d5 10. exd5 Bg4 11. Nf3 Qd6 12. h3 Bh5 13. Bg5 Nxd5 14. g4 Bg6
1/2-1/2

[Event "XVII C.to Europeo a squadre"]
[Site "Novi Sad SRB"]
[Date "2009.10.25"]
[Round "4.4"]
[White "Shytaj, Luca"]
[Black "Stanec, Nikolaus"]
[Result "1/2-1/2"]
[WhiteElo "2481"]
[BlackElo "2541"]
[Annotator "ITA-AUT"]
[PlyCount "32"]
[EventDate "2009.10.22"]

1. e4 c6 2. d4 d5 3. Nc3 g6 4. e5 Bg7 5. f4 h5 6. Nf3 Nh6 7. Be3 Bg4 8. h3 Bxf3
9. Qxf3 e6 10. Bf2 h4 11. Bd3 Nd7 12. O-O Bf8 13. b3 Be7 14. Ne2 Kf8 15. c4 Kg7
16. a4 g5 1/2-1/2

[Event "XVII C.to Europeo a squadre"]
[Site "Novi Sad SRB"]
[Date "2009.10.26"]
[Round "5.1"]
[White "Caruana, Fabiano"]
[Black "Hautot, Stephane"]
[Result "1-0"]
[WhiteElo "2662"]
[BlackElo "2420"]
[Annotator "ITA-BEL"]
[PlyCount "99"]
[EventDate "2009.10.22"]

1. e4 d6 2. d4 Nf6 3. Nc3 Nbd7 4. Nf3 e5 5. Bc4 Be7 6. O-O O-O 7. a4 c6 8. Re1
b6 9. Ba2 a6 10. h3 Rb8 11. Be3 b5 12. axb5 axb5 13. b4 Qc7 14. Bb3 Nb6 15. Qd3
Be6 16. Bxe6 fxe6 17. Ng5 Qc8 18. Ra7 Re8 19. d5 exd5 20. Bxb6 Rxb6 21. exd5
Ra6 22. Rxa6 Qxa6 23. Nge4 Rb8 24. Rd1 Qb7 25. Nxf6+ Bxf6 26. Ne4 Be7 27. dxc6
Qxc6 28. Nxd6 Bxd6 29. Qxd6 Qxd6 30. Rxd6 Rc8 31. Rd5 e4 32. Rxb5 Rxc2 33. Rc5
Rb2 34. Rc4 Rb1+ 35. Kh2 Re1 36. Kg3 e3 37. fxe3 Rxe3+ 38. Kf4 Rb3 39. Ke5 Kf7
40. Kd6 h5 41. Kc6 Kf6 42. b5 Rb2 43. b6 Rxg2 44. b7 Rb2 45. h4 g5 46. hxg5+
Kxg5 47. Rc5+ Kg4 48. Rb5 Rc2+ 49. Kd6 Rd2+ 50. Kc7 1-0

[Event "XVII C.to Europeo a squadre"]
[Site "Novi Sad SRB"]
[Date "2009.10.26"]
[Round "5.2"]
[White "Saiboulatov, Daniyal"]
[Black "Rombaldoni, Denis"]
[Result "1/2-1/2"]
[WhiteElo "2395"]
[BlackElo "2469"]
[Annotator "ITA-BEL"]
[PlyCount "108"]
[EventDate "2009.10.22"]

1. e4 c5 2. Nf3 d6 3. d4 cxd4 4. Nxd4 Nf6 5. Nc3 Nc6 6. f3 e6 7. Be3 Be7 8. Qd2
O-O 9. g4 a6 10. O-O-O Nd7 11. h4 Nde5 12. Qg2 Qc7 13. f4 Nxd4 14. Bxd4 Nc6 15.
Bg1 b5 16. g5 b4 17. Na4 Rb8 18. Qf2 f5 19. exf5 Rxf5 20. Nb6 Rc5 21. Nxc8 Rxc8
22. Kb1 e5 23. Qe1 Rxc2 24. Kxc2 b3+ 25. Kb1 Nb4 26. a3 Qc2+ 27. Ka1 Qc6 28.
Rh2 d5 29. Qc3 Nc2+ 30. Rxc2 bxc2 31. Rc1 Qxc3 32. bxc3 Rxc3 33. Kb2 Rg3 34.
Bh2 Bxa3+ 35. Kxc2 Rf3 36. Rd1 Bc5 37. Bg2 Rf2+ 38. Rd2 exf4 39. Bxd5+ Kf8 40.
Rxf2 Bxf2 41. h5 Be3 42. Kd3 h6 43. g6 Ke7 44. Ke4 Kf6 45. Bxf4 Bxf4 46. Kxf4
a5 47. Ba2 a4 48. Bc4 a3 49. Ba2 Ke7 50. Ke5 Kd7 51. Kd5 Ke7 52. Kc6 Kf8 53.
Kc7 Ke7 54. Kc6 Kf8 1/2-1/2

[Event "XVII C.to Europeo a squadre"]
[Site "Novi Sad SRB"]
[Date "2009.10.26"]
[Round "5.3"]
[White "D'Amore, Carlo"]
[Black "Cekro, Ekrem"]
[Result "0-1"]
[WhiteElo "2489"]
[BlackElo "2380"]
[Annotator "ITA-BEL"]
[PlyCount "44"]
[EventDate "2009.10.22"]

1. e4 g6 2. d4 c6 3. Nc3 Bg7 4. f4 d5 5. e5 h5 6. Nf3 Bg4 7. Be3 Nh6 8. h3 Nf5
9. Bf2 Bxf3 10. Qxf3 Qb6 11. O-O-O h4 12. Kb1 Nd7 13. Na4 Qa5 14. b3 b5 15. Nb2
e6 16. a4 bxa4 17. Be1 Qc7 18. Nxa4 Bf8 19. Qc3 Rb8 20. Bf2 Bb4 21. Qa1 c5 22.
c3 Ba5 0-1

[Event "XVII C.to Europeo a squadre"]
[Site "Novi Sad SRB"]
[Date "2009.10.26"]
[Round "5.4"]
[White "Docx, Stefan"]
[Black "Shytaj, Luca"]
[Result "1/2-1/2"]
[WhiteElo "2384"]
[BlackElo "2481"]
[Annotator "ITA-BEL"]
[PlyCount "65"]
[EventDate "2009.10.22"]

1. e4 c5 2. Nf3 d6 3. d4 cxd4 4. Nxd4 Nf6 5. Nc3 a6 6. Bg5 e6 7. f4 Qc7 8. Qf3
b5 9. O-O-O b4 10. e5 Bb7 11. Ncb5 axb5 12. Bxb5+ Nbd7 13. Qh3 b3 14. Qxb3 Bd5
15. c4 Ne4 16. Rhe1 Nxg5 17. fxg5 O-O-O 18. Ba6+ Bb7 19. Nb5 Nc5 20. Qa3 Qb6
21. Bxb7+ Nxb7 22. Rf1 Kb8 23. Rxf7 d5 24. Qf3 Bc5 25. Nc3 dxc4 26. Na4 Be3+
27. Kc2 Qb4 28. Nc3 Bd4 29. Qc6 Bxe5 30. Rc1 Rd2+ 31. Kxd2 Qxb2+ 32. Ke3 Qxc1+
33. Kf2 1/2-1/2

[Event "XVII C.to Europeo a squadre"]
[Site "Novi Sad SRB"]
[Date "2009.10.27"]
[Round "6.1"]
[White "Caruana, Fabiano"]
[Black "Sulskis, Sarunas"]
[Result "1/2-1/2"]
[WhiteElo "2662"]
[BlackElo "2568"]
[Annotator "ITA-LTU"]
[PlyCount "87"]
[EventDate "2009.10.22"]

1. d4 d5 2. c4 c6 3. Nf3 Nf6 4. e3 Bg4 5. Nc3 e6 6. h3 Bxf3 7. Qxf3 Nbd7 8. Bd3
Bd6 9. cxd5 cxd5 10. O-O Rc8 11. e4 dxe4 12. Nxe4 Nxe4 13. Qxe4 Rc7 14. Qg4 Kf8
15. Bd2 Nf6 16. Qf3 h6 17. Rac1 Ke7 18. a4 Rxc1 19. Rxc1 Qb6 20. Be3 Qb4 21.
Bb5 Nd5 22. b3 a6 23. Bf1 Nxe3 24. Qxe3 Rd8 25. Rc4 Qb6 26. Qc3 a5 27. g3 Kf8
28. Bg2 Bb4 29. Qf3 Rxd4 30. Rc8+ Rd8 31. Qxb7 Qxb7 32. Rxd8+ Ke7 33. Bxb7 Kxd8
34. Kg2 Kc7 35. Ba6 Kd6 36. f4 g5 37. Kf3 Bd2 38. Bc4 f5 39. fxg5 hxg5 40. g4
Ke5 41. gxf5 exf5 42. Bd3 Bc1 43. Bc2 Ba3 44. Bd3 1/2-1/2

[Event "XVII C.to Europeo a squadre"]
[Site "Novi Sad SRB"]
[Date "2009.10.27"]
[Round "6.2"]
[White "Malisauskas, Vidmantas"]
[Black "Godena, Michele"]
[Result "1/2-1/2"]
[WhiteElo "2483"]
[BlackElo "2530"]
[Annotator "ITA-LTU"]
[PlyCount "43"]
[EventDate "2009.10.22"]

1. e4 e5 2. Nf3 Nc6 3. d4 exd4 4. Nxd4 Bc5 5. Nxc6 bxc6 6. Bd3 Qh4 7. Qf3 Nf6
8. h3 d5 9. g3 Qh5 10. Qxh5 Nxh5 11. Nc3 O-O 12. Bd2 Re8 13. Kf1 Nf6 14. Re1
Bd4 15. Kg2 Bxc3 16. Bxc3 dxe4 17. Bxf6 Bf5 18. g4 Bg6 19. Bc3 exd3 20. cxd3
Bxd3 21. Rxe8+ Rxe8 22. Re1 1/2-1/2

[Event "XVII C.to Europeo a squadre"]
[Site "Novi Sad SRB"]
[Date "2009.10.27"]
[Round "6.3"]
[White "Rombaldoni, Denis"]
[Black "Cmilyte, Viktorija"]
[Result "1/2-1/2"]
[WhiteElo "2469"]
[BlackElo "2477"]
[Annotator "ITA-LTU"]
[PlyCount "102"]
[EventDate "2009.10.22"]

1. d4 Nf6 2. c4 g6 3. Nc3 d5 4. cxd5 Nxd5 5. Bd2 Bg7 6. e4 Nxc3 7. Bxc3 O-O 8.
Qd2 c5 9. d5 e6 10. Bxg7 Kxg7 11. Bc4 Nd7 12. Nf3 exd5 13. Bxd5 Nf6 14. Qc3 Kg8
15. O-O-O Qe7 16. Rhe1 Bg4 17. h3 Bxf3 18. Qxf3 Rad8 19. g4 c4 20. Kb1 b5 21.
h4 Rfe8 22. Bc6 Rxd1+ 23. Rxd1 Rc8 24. g5 c3 25. bxc3 Rxc6 26. e5 Ne4 27. Qxe4
Rxc3 28. Qd4 Rc4 29. Qd6 Qf8 30. a3 Qa8 31. f3 Rc8 32. Qf6 Qb7 33. e6 Qc7 34.
exf7+ Qxf7 35. Qxf7+ Kxf7 36. Rd7+ Kg8 37. Rxa7 Rf8 38. Rb7 Rxf3 39. Kb2 Rf5
40. Kb3 h6 41. gxh6 Kh8 42. Rg7 Rf6 43. Rb7 Rf5 44. Kb4 Rh5 45. h7 Rxh4+ 46.
Kxb5 Rh5+ 47. Ka6 g5 48. a4 g4 49. a5 g3 50. Rb2 Rh6+ 51. Kb5 Rh5+ 1/2-1/2

[Event "XVII C.to Europeo a squadre"]
[Site "Novi Sad SRB"]
[Date "2009.10.27"]
[Round "6.4"]
[White "Sarakauskas, Gediminas"]
[Black "Shytaj, Luca"]
[Result "1/2-1/2"]
[WhiteElo "2424"]
[BlackElo "2481"]
[Annotator "ITA-LTU"]
[PlyCount "25"]
[EventDate "2009.10.22"]

1. d4 Nf6 2. Nf3 e6 3. c4 b6 4. a3 d5 5. Nc3 Be7 6. cxd5 exd5 7. Qa4+ Bd7 8.
Qc2 O-O 9. Bg5 Be6 10. e3 c5 11. Bd3 h6 12. Bh4 Nc6 13. O-O 1/2-1/2

[Event "XVII C.to Europeo a squadre"]
[Site "Novi Sad SRB"]
[Date "2009.10.28"]
[Round "7.2"]
[White "Godena, Michele"]
[Black "Meier, Georg"]
[Result "1/2-1/2"]
[WhiteElo "2530"]
[BlackElo "2664"]
[Annotator "ITA-GER"]
[PlyCount "67"]
[EventDate "2009.10.22"]

1. e4 e6 2. d4 d5 3. Nd2 c5 4. exd5 Qxd5 5. dxc5 Bxc5 6. Ngf3 Nf6 7. Bc4 Qc6 8.
Qe2 O-O 9. O-O a6 10. Bd3 Nbd7 11. Ne4 Nxe4 12. Bxe4 Qc7 13. Be3 Bxe3 14. Qxe3
Nc5 15. Rfd1 Nxe4 16. Qxe4 f6 17. Rd2 Rd8 18. Rad1 Rxd2 19. Rxd2 Bd7 20. Nd4
Re8 21. h3 Qc8 22. c3 Qc7 23. a3 Qc8 24. Kh2 h6 25. Kg1 Kf8 26. Nc2 Qc7 27. Ne3
Bc6 28. Qd4 Qf7 29. Nc4 Qg6 30. Qg4 Qb1+ 31. Rd1 Qc2 32. Rd2 Qb1+ 33. Rd1 Qc2
34. Rd2 1/2-1/2

[Event "XVII C.to Europeo a squadre"]
[Site "Novi Sad SRB"]
[Date "2009.10.28"]
[Round "7.3"]
[White "Fridman, Daniel"]
[Black "Rombaldoni, Denis"]
[Result "1-0"]
[WhiteElo "2661"]
[BlackElo "2469"]
[Annotator "ITA-GER"]
[PlyCount "69"]
[EventDate "2009.10.22"]

1. d4 d5 2. Nf3 Nf6 3. c4 c6 4. Nc3 a6 5. a4 e6 6. g3 Bd6 7. Bg2 O-O 8. O-O
Nbd7 9. Nd2 c5 10. cxd5 cxd4 11. Nce4 Bc7 12. dxe6 fxe6 13. b3 e5 14. Ba3 Re8
15. Qc2 Nf8 16. Rfc1 Ne6 17. Bh3 Nd5 18. Qc4 Kh8 19. Bd6 Nc3 20. Bxc7 Nxc7 21.
Bxc8 Rxc8 22. Nxc3 Ne6 23. Qd3 dxc3 24. Rxc3 Rxc3 25. Qxc3 Qd5 26. e4 Qd7 27.
Nf3 Nd4 28. Kg2 Nxf3 29. Qxf3 Rd8 30. Rc1 Qd6 31. Qf5 Qb8 32. Rc5 Rf8 33. Qxe5
Qd8 34. Rc7 Rf6 35. Rxb7 1-0

[Event "XVII C.to Europeo a squadre"]
[Site "Novi Sad SRB"]
[Date "2009.10.29"]
[Round "8.1"]
[White "Caruana, Fabiano"]
[Black "Haznedaroglu, Kivanc"]
[Result "1-0"]
[WhiteElo "2662"]
[BlackElo "2499"]
[Annotator "ITA-TUR"]
[PlyCount "81"]
[EventDate "2009.10.22"]

1. e4 c5 2. Nf3 Nc6 3. d4 cxd4 4. Nxd4 Qb6 5. Nb3 Nf6 6. Nc3 e6 7. Bd3 a6 8.
Be3 Qc7 9. f4 d6 10. Qf3 Be7 11. g4 b5 12. O-O-O Nd7 13. g5 Nb6 14. Kb1 Na4 15.
Ne2 Bb7 16. Qh3 O-O-O 17. f5 Qd7 18. Rhf1 exf5 19. Qxf5 Ne5 20. Na5 g6 21. Qf4
Qc7 22. Nxb7 Kxb7 23. Bd4 Rhf8 24. Qe3 Qc8 25. h4 f6 26. Nf4 fxg5 27. Nd5 Qd7
28. hxg5 Rxf1 29. Bxf1 Rf8 30. Be2 Nc6 31. b3 Nxd4 32. Rxd4 Nc5 33. a4 bxa4 34.
Rb4+ Ka7 35. Rxa4 Bd8 36. Bxa6 Kb8 37. Rb4+ Ka8 38. Bb5 Qc8 39. Rc4 Rf1+ 40.
Kb2 Qe6 41. Rxc5 1-0

[Event "XVII C.to Europeo a squadre"]
[Site "Novi Sad SRB"]
[Date "2009.10.29"]
[Round "8.2"]
[White "Esen, Baris"]
[Black "Godena, Michele"]
[Result "1/2-1/2"]
[WhiteElo "2494"]
[BlackElo "2530"]
[Annotator "ITA-TUR"]
[PlyCount "30"]
[EventDate "2009.10.22"]

1. d4 d5 2. c4 dxc4 3. Nf3 a6 4. e3 b5 5. a4 Bb7 6. b3 e6 7. axb5 axb5 8. Rxa8
Bxa8 9. bxc4 bxc4 10. Bxc4 Nf6 11. O-O Nbd7 12. Nbd2 Be7 13. Qc2 c5 14. Bb2
cxd4 15. Bxd4 O-O 1/2-1/2

[Event "XVII C.to Europeo a squadre"]
[Site "Novi Sad SRB"]
[Date "2009.10.29"]
[Round "8.3"]
[White "D'Amore, Carlo"]
[Black "Atakisi, Umut"]
[Result "1-0"]
[WhiteElo "2489"]
[BlackElo "2406"]
[Annotator "ITA-TUR"]
[PlyCount "59"]
[EventDate "2009.10.22"]

1. e4 c5 2. Nf3 Nc6 3. Bb5 d6 4. O-O Bd7 5. Re1 Nf6 6. h3 g6 7. c3 Ne5 8. Be2
Bc6 9. d4 Nxf3+ 10. Bxf3 e5 11. Be3 Qe7 12. b4 b6 13. bxc5 bxc5 14. Nd2 Rc8 15.
Qe2 Bg7 16. d5 Bb7 17. Qb5+ Qd7 18. Nc4 Ke7 19. Qa5 Rc7 20. Red1 Ne8 21. Rab1
f5 22. exf5 gxf5 23. Bh5 Bf6 24. f4 e4 25. Bf2 Ng7 26. Be2 Ba8 27. g4 h6 28.
Ne5 Bxe5 29. fxe5 Rhc8 30. Bh4+ 1-0

[Event "XVII C.to Europeo a squadre"]
[Site "Novi Sad SRB"]
[Date "2009.10.29"]
[Round "8.4"]
[White "Firat, Burak"]
[Black "Shytaj, Luca"]
[Result "1-0"]
[WhiteElo "2365"]
[BlackElo "2481"]
[Annotator "ITA-TUR"]
[PlyCount "109"]
[EventDate "2009.10.22"]

1. e4 c5 2. Nf3 d6 3. d4 cxd4 4. Nxd4 Nf6 5. Nc3 Nc6 6. Bc4 Bd7 7. Bb3 g6 8.
Be3 Ng4 9. Nxc6 bxc6 10. Qf3 Ne5 11. Qe2 Bg7 12. f4 Ng4 13. Bd2 O-O 14. O-O-O
a5 15. e5 Nh6 16. e6 fxe6 17. Bxe6+ Bxe6 18. Qxe6+ Kh8 19. h4 Qe8 20. Rde1 Ra7
21. g4 Qc8 22. Qxc8 Rxc8 23. h5 Kg8 24. hxg6 hxg6 25. Rh4 Rb7 26. b3 Nf7 27.
Rh3 Nh6 28. Rg1 Rb4 29. Ne2 Rb5 30. a4 Rb7 31. Bxa5 c5 32. Bc3 c4 33. b4 Ra8
34. a5 Bxc3 35. Nxc3 Nf7 36. Nd5 e6 37. Nb6 Re8 38. Re1 Kg7 39. c3 Rc7 40. Rhe3
e5 41. Re4 Rh8 42. Rxc4 Rxc4 43. Nxc4 Rc8 44. Nb6 Rxc3+ 45. Kb2 Rc7 46. a6 exf4
47. Nd5 Ra7 48. b5 Ne5 49. Kc3 f3 50. Ra1 f2 51. Kd2 Rf7 52. Ke2 Nf3 53. b6
Nd4+ 54. Kf1 Nb3 55. b7 1-0

[Event "XVII C.to Europeo a squadre"]
[Site "Novi Sad SRB"]
[Date "2009.10.30"]
[Round "9.1"]
[White "Beliavsky, Alexander G."]
[Black "Caruana, Fabiano"]
[Result "1/2-1/2"]
[WhiteElo "2656"]
[BlackElo "2662"]
[Annotator "ITA-SLO"]
[PlyCount "98"]
[EventDate "2009.10.22"]

1. d4 Nf6 2. c4 c5 3. d5 b5 4. cxb5 a6 5. e3 Bb7 6. Nc3 Qa5 7. Bd2 axb5 8. Bxb5
Qb6 9. Bc4 e6 10. Nge2 exd5 11. Qb3 Qxb3 12. Bxb3 Na6 13. O-O Nc7 14. Rfd1 Bd6
15. Be1 O-O 16. f3 Rfe8 17. Bf2 Bf8 18. Nf4 c4 19. Ba4 Bc6 20. b3 Bb4 21. Nfe2
Bxa4 22. Nxa4 Ne6 23. g4 Ra5 24. Rab1 h6 25. h4 Rc8 26. Nac3 Ra3 27. Be1 Bc5
28. Bf2 Bb4 29. Be1 Bxc3 30. Nxc3 d4 31. exd4 Nf4 32. g5 hxg5 33. hxg5 Nh7 34.
Bd2 Nxg5 35. Kf1 cxb3 36. Bxf4 bxa2 37. Ra1 Rcxc3 38. Bxg5 Rxf3+ 39. Ke2 Rh3
40. Rf1 f6 41. Bc1 Rac3 42. Kd2 Rc4 43. Bb2 Rh2+ 44. Kd3 Ra4 45. Kc3 Ra8 46.
Rf5 Rh3+ 47. Kc2 Rh2+ 48. Kc3 Rh3+ 49. Kc2 Rh2+ 1/2-1/2